| 000 | 00490 a2200169 4500 | ||
|---|---|---|---|
| 003 | OSt | ||
| 005 | 20230905151101.0 | ||
| 008 | 230905b |||||||| |||| 00| 0 eng d | ||
| 020 | _a9789385936362 | ||
| 040 | _coclc | ||
| 082 |
_a915.04428 _bDAL/X |
||
| 100 | 1 |
_aDalrymple, William _99427 |
|
| 245 |
_aIn Xanadu : a quest/ _cWilliam Dalrymple |
||
| 260 |
_aNew Delhi: _bBloomsbury, _c2017. |
||
| 300 | _a314 p | ||
| 942 |
_2ddc _cBK _h915.04428 _iDAl/X _k915.04428 _mDAl/X |
||
| 999 |
_c42129 _d42129 |
||